000 00759nam a2200229Ii 4500
003 JO-AjNU
008 230605s9999||||xx |||||||||||||| ||und||
017 _a2009/9/3956
020 _a978-9957-07-727-3
040 _aJO-AjNU
_bara
_erda
_cJO-AjNU
041 _aara
050 1 4 _aHD57.7.Q36.2010
100 3 _aقنديل،علاء محمد سيد,
_eauthor
_928167
245 0 0 _aالقيادة الادارية وادارة الابتكار
250 _aط1
264 3 1 _aعمان:دار الفكر ناشرون وموزعون،2010
300 _a280ص
336 _atext
_btxt
_2rdacontent
337 _aunmediated
_bn
_2rdamedia
338 _avolume
_bnc
_2rdacarrier
650 4 _aالادارة العامة-القيادة الادارية
_928168
999 _aA10891
_c14459
_d14459